000 00503nam a2200145Ia 4500
008 230917s9999||||xx |||||||||||||| ||und||
040 _e182796
_aMAIN
041 _aEnglish
082 _a891.4317109 MB896:DP
100 _aदिक्षित, प्रभा
245 0 _aमुक्तिबोध एवं नागार्जुन का काव्य-दर्शन
260 _aकानपुर
_bसाहित्य निलय
_c2004
300 _a296 पृ. p.
942 _cHN
999 _c128688
_d128688